000
00218 a2200109 4500
020
_a
9781595727442
041
_a
spa
100
_a
Valeri Gorbachev
245
_a
Cuando alguien tiene miedo
942
_c
BK
952
_7
1
999
_c
24165
_d
24165